000 00454 a2200157 4500
005 20250626122404.0
020 _a1428826718
082 _a658.48 SCO
100 _aSCOTT, W .
245 _aCram 101 Textbook Outlines to Accompany Financial Accounting Theory
250 _a5th Ed
260 _aLondon,
_b A Cram 101,
_c2010.
300 _a180P.: ill.;
_c28cm.
856 _yAccess Online Book
_fFinancial Accounting
_dwww.cram101.com
942 _2ddc
_cBKS
999 _c5314
_d5314